| 000 | 00755nam a2200241 a 4500 | ||
|---|---|---|---|
| 001 | 1208 | ||
| 003 | BR-CuiBMT | ||
| 005 | 20231201122709.0 | ||
| 008 | 231123s1999 rjb 001 0 por d | ||
| 020 | _a8571471215 | ||
| 040 |
_aBR-CuiBMT _cBR-CuiBMT |
||
| 080 |
_22007 _a351.9 |
||
| 090 |
_a351.9 _bP436d |
||
| 100 | 1 | _aPereira Junior, Jessé Torres | |
| 245 | 1 | 0 |
_aDa reforma administrativa constitucional / _cJessé Torres Pereira Júnior. |
| 260 |
_aRio de Janeiro : _bRenovar, _c1999. |
||
| 300 |
_a492 p. ; _c23 cm |
||
| 504 | _aInclui bibliografia e índice. | ||
| 610 | 1 | 4 |
_aBrasil. _t[Constituição (1988)] |
| 650 |
_aOrganização administrativa _zBrasil |
||
| 650 |
_aReforma administrativa _vLegislação _zBrasil |
||
| 942 |
_2udc _cLV |
||
| 999 |
_c1208 _d1208 |
||